00313nam a2200121Ia 4500008004100000082001700041100002100058245005600079250000900135260002300144300000800167650001600175191201s2008 xx 000 0 und d a621.382bMID aMITRA, Sanjit, K 0aDigital Signal Processing A Computer-based Approach aRep. aN.DelhibTMHc2008 a916 aB.Tech(ECE)